000 00577nam a2200217Ia 4500
003 OSt
005 20220928141430.0
006 a|||||r|||| 00| 0
007 ta
008 220927b |||||||| |||| 00| 0 eng d
024 _a14935
037 _cTextual
040 _aSDCL
_cSDCL
_beng
041 _2eng
_aeng
082 _aWvk1,N, N5 RR
100 _aGabbha Om Prakash
_9500081
245 0 _aEncyclopaedia of political thought
260 _c1995
942 _hWvk1,N, N5 RR
_cTEXL
_2CC
999 _c817344
_d817344